| 000 | 01512cam a2200385 i 4500 | ||
|---|---|---|---|
| 999 |
_c534493 _d534493 |
||
| 001 | 17720665 | ||
| 003 | NUST | ||
| 005 | 20200227160552.0 | ||
| 008 | 130501s2014 nyua b 001 0 eng | ||
| 010 | _a 2013017338 | ||
| 020 | _a9780385530828 (hardcover) | ||
| 020 | _z978038553083 (eBook) | ||
| 038 | _awaseem | ||
| 040 |
_aDLC _beng _cDLC _erda _dDLC |
||
| 042 | _apcc | ||
| 050 | 0 | 0 |
_aQP360 _b.K325 2014 |
| 082 | 0 | 0 | _a612.8 |
| 100 | 1 |
_aKaku, Michio. _914113 |
|
| 245 | 1 | 4 |
_aThe future of the mind : _bthe scientific quest to understand, enhance, and empower the mind / _cDr. Michio Kaku, Professor of Theoretical Physics, City University of New York. |
| 250 | _aFirst edition. | ||
| 264 | 1 |
_aNew York : _bDoubleday, _c[2014] |
|
| 300 |
_axviii, 377 pages : _billustrations ; _c25 cm. |
||
| 336 |
_atext _2rdacontent |
||
| 337 |
_aunmediated _2rdamedia |
||
| 338 |
_avolume _2rdacarrier |
||
| 504 | _aIncludes bibliographical references (pages 355-356) and index. | ||
| 650 | 0 |
_aNeuropsychology. _928650 |
|
| 650 | 0 |
_aMind and body _xResearch. _928651 |
|
| 650 | 0 |
_aBrain _xMathematical models. _928652 |
|
| 650 | 0 |
_aCognitive neuroscience. _928653 |
|
| 650 | 0 |
_aBrain-computer interfaces. _916184 |
|
| 906 |
_a7 _bcbc _corignew _d1 _eecip _f20 _gy-gencatlg |
||
| 942 |
_2ddc _cBK |
||